000 00617nam 22001933 4500
001 199939
021 _aPT
_b289178/09
090 _a199939
100 _a20260115d u||y0pory50 ba
200 _aNotícia explicativa da folha 11-B : Mogadouro
_fEurico Pereira... [et al.]
210 _aLisboa
_cLaboratório Nacional de Energia e Geologia
_d2008
215 _a61, [3] p.
_cbrochado
_d24 cm
225 _aCarta geológica de Portugal
606 _915715
_aCiências da terra. Ciências geológicas
675 _a55
_vPT
_zpor
701 _915766
_aPereira
_bEurico
801 _aPT
_bBMMN
_gRPC
830 _cVanda
990 _cLIVROS